LDR 00636naa#a2200169#i#450# 001 EN\\bibl\121917 005 20260429234028.3 011 ## _a2072-9502 100 ## _a20260427b2026####ek#y0engy0150####ca 102 ## _aRU 200 1# _aFuzzy logic-based model for information security risk assessment of a territorially distributed internal affairs system _eJournal article 210 1# _aAstrakhan _cAstrakhan State Technical University _d2026 215 ## _a9 с. 608 ## _aJournal article _2local 675 ## _aБезопасность, защищённость данных. 004.056 _z 700 #1 _aNechay _gAleksandr Anatol'evich 856 4# _avestnik.astu.org _u